Trading Community of India (Record no. 11386)

MARC details
000 -LEADER
fixed length control field 00583nam a2200229 a 4500
020 ## - INTERNATIONAL STANDARD BOOK NUMBER
ISBN
082 00 - DEWEY DECIMAL CLASSIFICATION NUMBER
Classification number 306.0899145
Author Cutter PAN
100 ## - MAIN ENTRY--AUTHOR NAME
Author name Panigrahi, Nilakantha
245 ## - TITLE STATEMENT
Title Trading Community of India
260 ## - PUBLICATION, DISTRIBUTION, ETC. (IMPRINT)
Place of publication Jaipur
Name of publisher Rawat Pub
Year of publication 2000
300 ## - PHYSICAL DESCRIPTION
Number of Pages 252p
500 ## - GENERAL NOTE
General note includes index and biblioraphy
505 2# - FORMATTED CONTENTS NOTE
Formatted contents note Communal and Ethinic Violence in India.
650 ## - SUBJECT ADDED ENTRY--TOPICAL TERM
Topical Term Caste-India Gujarat
942 ## - ADDED ENTRY ELEMENTS (KOHA)
Koha item type Books
Holdings
Collection code Home library Current library Date acquired Cost, normal purchase price Full call number Accession Number Koha item type
  Henry Martyn Institute Library Henry Martyn Institute Library 04/02/2007 475.00 306.0899145 PAN 019535 Books
                   Copyright © 2026 | Henry Martyn Institute | Hyderabad | TS-500052 | INDIA | Implemented by hmi.edu.in
Hit-Count:

Powered by Koha